| 000 | 00451nam a2200169Ia 4500 | ||
|---|---|---|---|
| 008 | 230718s9999 xx 000 0 und d | ||
| 020 | _a9788181284129 | ||
| 041 | _aeng | ||
| 082 |
_a629.8 _bROF |
||
| 100 |
_aRoffel B. _9192057 |
||
| 245 | _aAdvanced Practical Process Control | ||
| 260 |
_c2008 _bSpringer |
||
| 300 | _a309 | ||
| 365 |
_cRs. _b795.00 |
||
| 700 |
_aRoffel B. & Betlem B.H.L. _9192058 |
||
| 906 |
_dB:258105-Oct-2011 _cME INS _b993.75 |
||
| 999 |
_c329113 _d329113 |
||